00370 a2200157 4500003000400000005001700004008004100021020001800062040000900080082002000089100001900109245002500128250001200153260003300165300001400198OSt20260305133743.0260305b |||||||| |||| 00| 0 eng d a9789357322737 coclc a894.8123bIND/A aIndugopan, G R aAANO/cG R Indugopan a5th ed. aKottayam:bD C Books,c2025. a518 Pages